Detalles MARC
| 000 -LEADER |
| campo de control de longitud fija |
02917nam a22005297a 4500 |
| 001 - NÚMERO DE CONTROL |
| campo de control |
42835 |
| 003 - IDENTIFICADOR DE NÚMERO DE CONTROL |
| campo de control |
gtgccic |
| 005 - FECHA Y HORA DE LA ÚLTIMA TRANSACCIÓN |
| campo de control |
20250804153353.0 |
| 007 - CAMPO FIJO DE DESCRIPCIÓN FÍSICA--INFORMACIÓN GENERAL |
| campo de control de longitud fija |
ta |
| 008 - DATOS DE LONGITUD FIJA--INFORMACIÓN GENERAL |
| campo de control de longitud fija |
250804b mx ||||| |||| 00| 0 spa d |
| 020 ## - NÚMERO INTERNACIONAL ESTÁNDAR DEL LIBRO |
| Número Internacional Estándar del Libro |
9681859073 |
| 040 ## - FUENTE DE CATALOGACIÓN |
| Centro catalogador/agencia de origen |
gtgccic |
| Lengua de catalogación |
spa |
| Centro/agencia transcriptor |
gtgccic |
| Centro/agencia modificador |
gtgccic |
| Normas de descripción |
rda |
| 082 ## - NÚMERO DE LA CLASIFICACIÓN DECIMAL DEWEY |
| Número de clasificación |
691.3 G643 |
| 100 1# - ENTRADA PRINCIPAL--NOMBRE DE PERSONA |
| Nombre de persona |
Federico González Sandoval. - |
| Término indicativo de función/relación |
Autor |
| 245 ## - MENCIÓN DEL TÍTULO |
| Título |
Manual de supervisión de obras de concreto / |
| Mención de responsabilidad, etc. |
González Sandoval, Federico |
| 250 ## - MENCION DE EDICION |
| Mención de edición |
2a. |
| 264 ## - PRODUCCIÓN, PUBLICACIÓN, DISTRIBUCIÓN, FABRICACIÓN Y COPYRIGHT |
| Producción, publicación, distribución, fabricación y copyright |
México : |
| Nombre del de productor, editor, distribuidor, fabricante |
Editorial Limusa ; |
| Fecha de producción, publicación, distribución, fabricación o copyright |
2002. |
| 300 ## - DESCRIPCIÓN FÍSICA |
| Extensión |
147 p. : |
| Otras características físicas |
il. ; |
| Dimensiones |
25 cm |
| 336 ## - TIPO DE CONTENIDO |
| Fuente |
rdacontenido |
| Término de tipo de contenido |
texto |
| Código de tipo de contenido |
txt |
| 337 ## - TIPO DE MEDIO |
| Fuente |
rdamedio |
| Nombre/término del tipo de medio |
sin mediación |
| Código del tipo de medio |
n |
| 338 ## - TIPO DE SOPORTE |
| Fuente |
rdasoporte |
| Nombre/término del tipo de soporte |
volumen |
| Código del tipo de soporte |
nc |
| 490 ## - MENCIÓN DE SERIE |
| Mención de serie |
CANIEM Num. 121 |
| 505 ## - NOTA DE CONTENIDO CON FORMATO |
| Título |
CAPÍTULO I. EL CONCRETO |
| 505 ## - NOTA DE CONTENIDO CON FORMATO |
| Título |
1. Antes del mezclado |
| 505 ## - NOTA DE CONTENIDO CON FORMATO |
| Título |
2. Durante el mezclado y colocación del concreto |
| 505 ## - NOTA DE CONTENIDO CON FORMATO |
| Título |
3. Después de la colocación del concreto |
| 505 ## - NOTA DE CONTENIDO CON FORMATO |
| Título |
CAPÍTULO II. LA CIMBRA |
| 505 ## - NOTA DE CONTENIDO CON FORMATO |
| Título |
4. Antes del montaje de la cimbra |
| 505 ## - NOTA DE CONTENIDO CON FORMATO |
| Título |
5. Durante el cimbrado |
| 505 ## - NOTA DE CONTENIDO CON FORMATO |
| Título |
6. Después del cimbrado |
| 505 ## - NOTA DE CONTENIDO CON FORMATO |
| Título |
CAPÍTULO III. EL ACERO DE REFUERZO |
| 505 ## - NOTA DE CONTENIDO CON FORMATO |
| Título |
7. Antes de la colocación |
| 505 ## - NOTA DE CONTENIDO CON FORMATO |
| Título |
8. Durante la colocación del acero |
| 505 ## - NOTA DE CONTENIDO CON FORMATO |
| Título |
9. Después de la colocación del refuerzo |
| 505 ## - NOTA DE CONTENIDO CON FORMATO |
| Título |
Apéndice 1. Proporcionamiento de componentes por medio de mezclas de prueba<br/> (criterios generales, usos y limitaciones de las tablas de proporciones, ejemplo) |
| 505 ## - NOTA DE CONTENIDO CON FORMATO |
| Título |
Apéndice 2. Ejemplo de proporcionamiento de concreto |
| 505 ## - NOTA DE CONTENIDO CON FORMATO |
| Título |
Apéndice 3. Cálculo de volumen absoluto |
| 505 ## - NOTA DE CONTENIDO CON FORMATO |
| Título |
Apéndice 4. Ejemplo de planeación de un colado |
| 505 ## - NOTA DE CONTENIDO CON FORMATO |
| Título |
Apéndice 5. Cálculo de cimbras |
| 505 ## - NOTA DE CONTENIDO CON FORMATO |
| Título |
Apéndice 6. Del personal, técnico de construcción |
| 505 ## - NOTA DE CONTENIDO CON FORMATO |
| Título |
REFERENCIAS |
| 520 ## - RESUMEN, ETC. |
| Sumario, etc. |
El enfoque del manual va dirigido a construcciones pequeñas, que es el caso más común y en el que se ejerce un control más deficiente, utilizando prácticas comunes de trabajo generalmente aceptadas y empleadas en nuestro país. En proyectos grandes, el control y la organización son más estrictos y completos, en ellos las especificaciones son más rígidas y será necesario apegarse a los estándares recomendados por la información especializada. Todo lo que se dice en el manual se refiere a concretos de peso normal. No es una obra de texto, por lo que no se incluyen las justificaciones técnicas de las recomendaciones contenidas, generalmente obtenidas como conclusiones de las experiencias y de las investigaciones y ensayos en los laboratorios. Constituye una recopilación organizada de las normas de construcción y de la mejor práctica respaldada por las instituciones profesionales más conocidas y aceptadas en nuestro medio. |
| 650 ## - PUNTO DE ACCESO ADICIONAL DE MATERIA--TÉRMINO DE MATERIA |
| Término de materia o nombre geográfico como elemento de entrada |
CONSTRUCCIÓN EN HORMIGÓN |
| 650 ## - PUNTO DE ACCESO ADICIONAL DE MATERIA--TÉRMINO DE MATERIA |
| Término de materia o nombre geográfico como elemento de entrada |
ACERO |
| 942 ## - ELEMENTOS DE ENTRADA SECUNDARIOS (KOHA) |
| Fuente de la clasificación o esquema de estantería |
Clasificación Decimal Dewey |
| Tipo de ítem Koha |
Libros |
| Suprimir en OPAC |
No |
| 945 ## - PROCESAMIENTO DE INFORMACIÓN LOCAL (OCLC) |
| a |
amlo |